pharmacology laboratory Manual: experimental; vol -2 (Record no. 6189)

MARC details
000 -LEADER
fixed length control field 00480nam a22001817a 4500
005 - DATE AND TIME OF LATEST TRANSACTION
control field 20230112113407.0
008 - FIXED-LENGTH DATA ELEMENTS--GENERAL INFORMATION
fixed length control field 200511b xxu||||| |||| 00| 0 eng d
020 ## - INTERNATIONAL STANDARD BOOK NUMBER
ISBN 9788123905532
041 ## - LANGUAGE CODE
Language code of text/sound track or separate title eng
082 ## - DEWEY DECIMAL CLASSIFICATION NUMBER
Classification number 615.3
100 ## - MAIN ENTRY--AUTHOR NAME
Personal name SINGHAL, K.C
245 ## - TITLE STATEMENT
Title pharmacology laboratory Manual: experimental; vol -2
250 ## - EDITION STATEMENT
Edition statement 2'ND
260 ## - PUBLICATION, DISTRIBUTION, ETC. (IMPRINT)
Place of publication New Delhi
Name of publisher C.B,S publication and Distributors
Year of publication 2019
300 ## - PHYSICAL DESCRIPTION
Number of Pages 84
650 ## - SUBJECT ADDED ENTRY--TOPICAL TERM
Topical Term PHARMACY
General subdivision B.PHARMA
942 ## - ADDED ENTRY ELEMENTS (KOHA)
Koha item type Books
Holdings
Lost status Damaged status Collection code Home library Current library Shelving location Date acquired Source of acquisition Cost, normal purchase price Full call number Accession Number Koha item type
    PHARMACY JRU Library JRU Library Shelf - 27- C 11/05/2020 PURCHASE 295.00 615.3 23881 Books
    PHARMACY JRU Library JRU Library Shelf - 27- C 08/02/2022 PURCHASE 335.00 615.3 25988 Books
    PHARMACY JRU Library JRU Library Shelf - 27- C 08/02/2022 PURCHASE 335.00 615.3 25989 Books